000
00250nam a2200109Ia 4500
008
190216s9999||||xx |||||||||||||| ||und||
100
_a
Aryan Kannanoor
245
0
_a
Syamadhara
260
_b
Current Books
650
_a
Kavithakal
942
_c
BK
999
_c
26093
_d
26093